[Event "Druzynowe Mistrzostwa Polski - II liga"]
[Site "Sypniewo k. Jastrowia"]
[Date "1899-12-30"]
[Round "4.47"]
[White "Kukula, Karol"]
[Black "Taranowicz, Michal"]
[Result "1-0"]
[WhiteTitle "I+"]
[BlackTitle "I+"]
[WhiteElo "1821"]
[BlackElo "1855"]

1. e4 c5 2. Nf3 g6 3. d4 cxd4 4. Qxd4 Nf6 5. e5 Nc6 6. Qa4 Nd5 7. Bb5 Bg7 8. O-O
O-O 9. Rd1 Nb6 10. Qe4 a6 11. Bxc6 bxc6 12. c4 c5 13. Bf4 Ra7 14. Nc3 Bb7 15.
Qe2 Bxf3 16. gxf3 Qc8 17. Nd5 Nxd5 18. Rxd5 Rd8 19. Rad1 Rc7 20. Qd2 Bf8 21. b3
Qb7 22. Kg2 Qc6 23. Be3 e6 24. Rd3 d6 25. Bg5 Rdd7 26. exd6 Rb7 27. Bf6 Rb6 28.
Qf4 h6 29. Be5 f5 30. Bc3 Bxd6 31. Qxh6 e5 32. Bxe5 Qc7 33. Rxd6 Rbxd6 34. Rxd6
Rxd6 35. Qh8+ 1-0

[Event "Druzynowe Mistrzostwa Polski - II liga"]
[Site "Sypniewo k. Jastrowia"]
[Date "1899-12-30"]
[Round "4.48"]
[White "Zarebska, Lena"]
[Black "Wojcik, Jagoda"]
[Result "1-0"]
[WhiteTitle "k"]
[BlackTitle "I++"]
[WhiteElo "1910"]
[BlackElo "1612"]

1. e4 c5 2. Nf3 Nc6 3. d4 cxd4 4. Nxd4 g6 5. c4 Nf6 6. Nc3 Bg7 7. Nc2 O-O 8. Be2
Qc7 9. O-O d6 10. Bd2 b6 11. Rc1 Bb7 12. f3 Rad8 13. b4 e6 14. a3 d5 15. cxd5
exd5 16. Ne3 d4 17. Ned5 Nxd5 18. Nxd5 Qd6 19. Bg5 Rd7 20. Bb5 f6 21. Bf4 Qe6
22. Nc7 Rxc7 23. Bc4 1-0

[Event "Druzynowe Mistrzostwa Polski - II liga"]
[Site "Sypniewo k. Jastrowia"]
[Date "1899-12-30"]
[Round "4.49"]
[White "Piotrowski, Przemyslaw"]
[Black "Mickiewicz, Piotr"]
[Result "1/2-1/2"]
[WhiteTitle "FM"]
[BlackTitle "m"]
[WhiteElo "2256"]
[BlackElo "2308"]

1. d4 Nf6 2. c4 c5 3. d5 b5 4. cxb5 a6 5. b6 d6 6. Nc3 Qxb6 7. Nf3 g6 8. h3 Bg7
9. e4 O-O 10. Be2 a5 11. O-O Ba6 12. Re1 Nbd7 13. Rb1 Rfb8 14. Be3 Ne8 15. Nd2
Ne5 16. Qc2 Bxe2 17. Nxe2 Qa6 18. Nc1 c4 19. f4 Nd3 20. Nxd3 cxd3 21. Qc4 a4 22.
Qxa6 Rxa6 23. Nc4 Rb4 24. Rec1 Nf6 25. a3 Rb8 26. Nd2 Ne8 27. Nc4 f5 28. e5 Rb5
29. exd6 exd6 30. Rd1 Rxd5 31. Nb6 Rd4 32. Bxd4 Bxd4+ 33. Kf1 Rxb6 34. b4 axb3
35. Rxd3 Bc5 36. Rbxb3 Ra6 37. Rb8 Kf7 38. Rb7+ Ke6 39. Rxh7 Rxa3 40. Rxa3 Bxa3
41. Ke2 Nf6 42. Rg7 Ne4 43. g4 Kf6 44. Rb7 Bc1 45. Kf3 Nd2+ 46. Ke2 Ne4 47. Kf3
Ke6 48. Rg7 Kf6 1/2-1/2

[Event "Druzynowe Mistrzostwa Polski - II liga"]
[Site "Sypniewo k. Jastrowia"]
[Date "1899-12-30"]
[Round "4.50"]
[White "Mazurkiewicz, Michal"]
[Black "Szczepaniak, Lukasz"]
[Result "0-1"]
[WhiteTitle "CM"]
[BlackTitle "k++"]
[WhiteElo "2193"]
[BlackElo "2202"]

1. e4 e5 2. Nf3 Nc6 3. Bb5 a6 4. Bxc6 dxc6 5. O-O Qf6 6. d4 exd4 7. Bg5 Qd6 8.
Nxd4 Be7 9. Bxe7 Nxe7 10. Nc3 Bd7 11. Nde2 O-O-O 12. Qc1 Ng6 13. Qe3 Kb8 14. Rfd1
Qe7 15. Rd2 Bc8 16. Rad1 Rxd2 17. Rxd2 Re8 18. f4 h5 19. Qd4 f6 20. b4 Nf8 21.
f5 g6 22. fxg6 Nxg6 23. Ng3 h4 24. Nh5 f5 25. Re2 Qg5 26. Nf6 Ne5 27. Nh7 Qg7
28. Qf2 Qxh7 29. Qf4 Ng6 30. Qg5 f4 31. h3 f3 32. gxf3 Qh8 33. Qe3 Rf8 34. e5
Nf4 35. Rh2 Qg7+ 36. Kh1 Bxh3 37. Qf2 Rg8 38. Ne4 Qxe5 39. Qe1 Bg2+ 0-1

[Event "Druzynowe Mistrzostwa Polski - II liga"]
[Site "Sypniewo k. Jastrowia"]
[Date "1899-12-30"]
[Round "4.51"]
[White "Dzikowski, Michal"]
[Black "Maciaga, Marcin"]
[Result "0-1"]
[WhiteTitle "k"]
[BlackTitle "k+"]
[WhiteElo "2120"]
[BlackElo "2116"]

1. d4 f5 2. Bg5 g6 3. Nc3 Bg7 4. e3 d6 5. Bc4 Nc6 6. a3 h6 7. Bh4 Nf6 8. Bxf6 Bxf6
9. Nh3 e5 10. dxe5 Nxe5 11. Bb3 c6 12. Qe2 d5 13. O-O-O Qe7 14. Nf4 Be6 15. Nxe6
Qxe6 16. e4 fxe4 17. Qxe4 O-O-O 18. Rhe1 Qg4 19. Qxg4+ Nxg4 20. f3 Bg5+ 21. Kb1
Ne3 22. Rd2 Nf5 23. Rdd1 Ne3 24. Rd2 Nc4 25. Rde2 Bd2 26. Rd1 Nxa3+ 27. Ka2 Bxc3
28. Kxa3 Bg7 29. Rde1 Kc7 30. c3 Bf8+ 31. Ka2 Bd6 32. Re6 g5 33. h3 Bg3 34. R1e2
Rd6 35. Re7+ Rd7 36. R7e6 h5 37. Bc2 h4 38. Rg6 Bf4 39. Bf5 Rf7 40. Bg4 Rd8 41.
Rge6 Kb6 42. Re8 Rxe8 43. Rxe8 Kc5 44. Kb3 a5 45. Be6 Rf6 46. Bg8 b5 47. Be6 a4+
48. Kc2 Rg6 49. Bf5 Rd6 50. Rc8 Rf6 51. Bd7 Kb6 52. Re8 Rf7 53. Be6 Ra7 54. Bf5
a3 55. bxa3 Rxa3 56. Kb2 Ra7 57. Re6 Kc5 58. Bg6 Ra6 59. Be8 Rb6 60. Kc2 Bd6 61.
Rg6 Rb8 62. Bd7 Rb7 63. Bc8 Rc7 64. Bf5 Bf4 65. Re6 b4 66. cxb4+ Kxb4 67. Bg6
Kc4 68. Be8 Kc5 69. Kd3 Bd6 70. Re1 Be7 71. Re6 Bd6 72. Re1 Kb5 73. Re6 Re7 74.
Rxd6 Rxe8 75. Rg6 Re5 76. Kd4 Rf5 77. Rg8 c5+ 78. Kd3 Re5 79. Rb8+ Kc6 80. Rc8+
Kd6 81. Rg8 Ke6 82. Rc8 d4 83. Re8+ Kf6 84. Rf8+ Kg7 85. Rc8 Re3+ 86. Kd2 Rc3
87. Rc6 Kf7 88. Rd6 Kg7 89. Rc6 c4 90. Rd6 Rd3+ 91. Kc2 Kf7 92. Rc6 Rc3+ 93. Kd2
Ke7 94. Rc5 Kf6 95. Rd5 Rd3+ 96. Ke2 Kg6 97. Rc5 Re3+ 98. Kf2 c3 99. g4 hxg3+
100. Kxg3 Re2 101. Rc4 c2 102. f4 Re3+ 103. Kf2 Rc3 0-1

[Event "Druzynowe Mistrzostwa Polski - II liga"]
[Site "Sypniewo k. Jastrowia"]
[Date "1899-12-30"]
[Round "4.52"]
[White "Krasiewicz, Robert"]
[Black "Zareba, Radoslaw"]
[Result "0-1"]
[WhiteTitle "k+"]
[BlackTitle "k"]
[WhiteElo "2050"]
[BlackElo "2102"]

1. c4 b6 2. Nf3 Bb7 3. e3 e6 4. b3 Nf6 5. Bb2 Be7 6. d4 O-O 7. Bd3 d5 8. O-O c5
9. Nc3 dxc4 10. bxc4 cxd4 11. exd4 Nc6 12. Qd2 Rc8 13. Rac1 Nb4 14. Be2 Bxf3 15.
gxf3 Qd7 16. Rfd1 Rfd8 17. Qe3 Qc7 18. a3 Nc6 19. d5 Bc5 20. Qg5 Nd4 21. Rxd4
Bxd4 22. Nb5 Qe5 23. Qxe5 Bxe5 24. Bxe5 exd5 25. Nxa7 Ra8 26. Nc6 Re8 27. f4 Rxa3
28. cxd5 Nxd5 29. Bc4 Nf6 30. Bd6 Raa8 31. Ne5 Ra7 32. Rb1 Rb7 33. f3 Rd8 34.
Nxf7 Rxf7 35. Rxb6 h6 36. Be7 Rd1+ 37. Kf2 Nd5 38. Rb8+ Kh7 39. Rd8 Rxe7 40. Bxd5
Rd2+ 41. Kg3 Ree2 42. Be4+ g6 43. Rxd2 Rxd2 44. f5 gxf5 45. Bxf5+ Kg7 46. Be4
Kf6 47. h3 Ke5 48. Kg4 Rd6 49. h4 Kf6 50. h5 Ke5 51. Bg6 Rd4+ 52. Be4 Kf6 53.
Kf4 Rb4 54. Kg4 Rb2 55. Kf4 Rh2 56. Bg6 Rh4+ 57. Kg3 Kg5 58. Be8 Rh1 59. Bg6 Kf6
60. Kf4 Ra1 61. Be4 Ra5 62. Bg6 Ra4+ 63. Be4 Rb4 64. Kg4 Ke5 65. Kg3 Rb8 66. Bg6
Kd4 67. Kf4 Rf8+ 68. Kg4 Ke3 69. Be4 Rf4+ 70. Kg3 Rf8 71. Kg4 Rg8+ 72. Bg6 Rf8
73. Be4 Rf6 74. Kg3 Rf7 75. Kg4 Rf8 76. Kg3 Rc8 77. Bg6 Rc1 78. Kg2 Kf4 79. Be4
Ra1 80. Bd5 Rb1 81. Be4 Rb5 82. Bg6 Rb2+ 83. Kh3 Kxf3 84. Bf7 Rb1 85. Kh2 Kg4
86. Bg6 Rb2+ 87. Kg1 Kf3 88. Bf5 Rg2+ 89. Kf1 Rh2 90. Kg1 Rxh5 91. Bd7 Kg3 92.
Kf1 Rd5 93. Ba4 Rf5+ 94. Ke1 h5 0-1

[Event "Druzynowe Mistrzostwa Polski - II liga"]
[Site "Sypniewo k. Jastrowia"]
[Date "1899-12-30"]
[Round "4.53"]
[White "Stelmaszuk, Maciej"]
[Black "Bugajski, Robert"]
[Result "0-1"]
[WhiteTitle "I+"]
[BlackTitle "FM"]
[WhiteElo "2004"]
[BlackElo "2047"]

1. d4 Nf6 2. c4 c6 3. Nc3 d5 4. Nf3 e6 5. e3 Nbd7 6. Qc2 Bd6 7. b3 O-O 8. Bb2 Qe7
9. Bd3 dxc4 10. Bxc4 b5 11. Bd3 Bb7 12. Rc1 a6 13. Ng5 h6 14. Nge4 Bb4 15. O-O
Nd5 16. Nxd5 cxd5 17. Ng3 Rac8 18. Qe2 f5 19. f4 Nf6 20. Rxc8 Rxc8 21. Rc1 Rxc1+
22. Bxc1 Qc7 23. Qc2 Qxc2 24. Bxc2 Kf7 25. Kf1 g5 26. fxg5 hxg5 27. Ke2 Bd6 28.
Nf1 b4 29. h3 Ne4 30. Bxe4 fxe4 31. Kf2 a5 32. Bb2 Ba6 33. Nd2 Bd3 34. g3 Kg6
35. Kg2 Kf5 36. Kf2 Bb5 37. Nb1 Bd3 38. Nd2 Bc2 39. Ba1 Kg6 40. Bb2 Be7 41. Bc1
Bd3 42. Bb2 Kh5 43. Bc1 Kg6 44. Bb2 Kf7 45. Bc1 Ke8 46. Bb2 Kd7 47. Bc1 Kc6 48.
Bb2 Kb5 49. Ba1 a4 50. Bb2 Ka5 51. Kg2 a3 52. Ba1 Kb5 53. Kf2 Kc6 54. Kg2 Kd7
55. Kf2 Ke8 56. Kg2 Kf7 57. Kf2 Kg6 58. g4 Bd6 59. Kg2 Bc7 60. Kf2 Bb6 61. Kg2
Kf6 62. Kg3 Bc7+ 63. Kg2 Kg6 64. Kf2 Bf4 65. h4 Bd6 66. h5+ Kh6 67. Kg2 Bc7 68.
Nf1 Be2 0-1

[Event "Druzynowe Mistrzostwa Polski - II liga"]
[Site "Sypniewo k. Jastrowia"]
[Date "1899-12-30"]
[Round "4.54"]
[White "Andrzejewska, Anna"]
[Black "Zdziarska-zareba, Lidia"]
[Result "1/2-1/2"]
[WhiteTitle "WCM"]
[BlackTitle "k+"]
[WhiteElo "1933"]
[BlackElo "1848"]

1. e4 c5 2. Nf3 Nc6 3. d4 cxd4 4. Nxd4 g6 5. Nc3 Bg7 6. Be3 Nf6 7. Bc4 O-O 8. Bb3
Re8 9. f3 e6 10. Qd2 d5 11. Nxc6 bxc6 12. O-O-O a5 13. h4 h5 14. Bg5 Qc7 15. a3
dxe4 16. Bxf6 Bxf6 17. Nxe4 Bg7 18. g4 Qe5 19. Nc3 Qc5 20. Ne4 Qe5 21. Nc3 Qc5
22. Ne4 Qe5 23. c3 1/2-1/2

[Event "Druzynowe Mistrzostwa Polski - II liga"]
[Site "Sypniewo k. Jastrowia"]
[Date "1899-12-30"]
[Round "4.55"]
[White "Stysiak, Szymon"]
[Black "Jozwicki, Jakub"]
[Result "1-0"]
[WhiteTitle "k"]
[BlackTitle "m"]
[WhiteElo "2193"]
[BlackElo "2283"]

1. d4 Nf6 2. c4 e6 3. Nf3 b6 4. g3 Ba6 5. Qa4 Bb7 6. Bg2 Be7 7. O-O O-O 8. Nc3
c6 9. e4 d6 10. Rd1 Nbd7 11. e5 Ne8 12. Bf4 d5 13. cxd5 exd5 14. h4 Nc7 15. Bh3
h6 16. Ne2 Ne6 17. Qc2 Re8 18. Bxe6 fxe6 19. Bxh6 gxh6 20. Qg6+ Kh8 21. Qxh6+
Kg8 22. Qxe6+ Kg7 23. Nf4 Bf8 24. Qg4+ Kh8 25. Ng5 Re7 26. Qh5+ Kg8 27. Ng6 Bg7
28. Qh7# 1-0

[Event "Druzynowe Mistrzostwa Polski - II liga"]
[Site "Sypniewo k. Jastrowia"]
[Date "1899-12-30"]
[Round "4.56"]
[White "Borgula, Rafal"]
[Black "Stanisz, Patryk"]
[Result "1/2-1/2"]
[WhiteTitle "FM"]
[BlackTitle "k"]
[WhiteElo "2223"]
[BlackElo "2138"]

1. d4 d5 2. Nf3 Nf6 3. c4 c6 4. e3 Bf5 5. Bd3 Bxd3 6. Qxd3 e6 7. O-O Nbd7 8. Nc3
Be7 9. e4 dxe4 10. Nxe4 Nxe4 11. Qxe4 O-O 12. Rd1 Qa5 13. Bd2 Qh5 14. Bc3 Rad8
15. h3 Rfe8 16. Re1 Qg6 17. Qxg6 1/2-1/2

[Event "Druzynowe Mistrzostwa Polski - II liga"]
[Site "Sypniewo k. Jastrowia"]
[Date "1899-12-30"]
[Round "4.57"]
[White "Kaminski, Piotr"]
[Black "Paprocki, Jaroslaw"]
[Result "0-1"]
[WhiteTitle "k"]
[BlackTitle "k++"]
[WhiteElo "2109"]
[BlackElo "2186"]

1. d4 Nf6 2. c4 e6 3. Nf3 b6 4. g3 Ba6 5. Qa4 c5 6. Bg2 Bb7 7. O-O cxd4 8. Rd1
Na6 9. Nxd4 Nc5 10. Qc2 Bxg2 11. Kxg2 Rc8 12. Nc3 Qc7 13. e4 a6 14. Qe2 d6 15.
Bg5 Be7 16. Rac1 Qb7 17. f3 h6 18. Be3 Ncd7 19. Kg1 Ne5 20. b3 O-O 21. Qg2 Rfd8
22. g4 Nc6 23. Nxc6 Rxc6 24. g5 hxg5 25. Bxg5 b5 26. Bh6 Ne8 27. Ne2 bxc4 28.
Nd4 Rc5 29. bxc4 Rdc8 30. Rb1 Qc7 31. Kh1 Bf6 32. Ne2 Rxc4 33. Nf4 Kf8 34. Rg1
gxh6 35. Qg8+ Ke7 36. Qh7 Bd4 37. Rge1 Bf2 38. Nxe6 Kxe6 39. Qf5+ Ke7 40. e5 Bxe1
41. exd6+ Nxd6 42. Rxe1+ Re4 43. Rxe4+ Nxe4 44. Qxe4+ Kf8 45. Qh7 Qc1+ 0-1

[Event "Druzynowe Mistrzostwa Polski - II liga"]
[Site "Sypniewo k. Jastrowia"]
[Date "1899-12-30"]
[Round "4.58"]
[White "Wolanski, Michal"]
[Black "Szmyd, Arkadiusz"]
[Result "0-1"]
[WhiteTitle "I++"]
[BlackTitle "k"]
[WhiteElo "2029"]
[BlackElo "2083"]

1. c4 Nf6 2. g3 e6 3. Nf3 Be7 4. Bg2 O-O 5. O-O d5 6. b3 c5 7. Bb2 Nc6 8. cxd5
Nxd5 9. Nc3 Bf6 10. Qc1 Rb8 11. Nxd5 Bxb2 12. Qxb2 Qxd5 13. Rfd1 Qh5 14. d4 cxd4
15. Nxd4 Nxd4 16. Rxd4 b6 17. Rad1 Bb7 18. Rd7 Bxg2 19. Kxg2 a5 20. R1d6 Qf5 21.
Qd4 Qf6 22. Qe3 Qb2 23. Rd2 Qa3 24. Rc2 a4 25. Rd3 b5 26. Qc5 Qxc5 27. Rxc5 Rfc8
28. Rdc3 Rxc5 29. Rxc5 Kf8 30. Kf3 Rb7 31. bxa4 bxa4 32. Rc4 Ra7 33. Ke3 Ke7 34.
Kd3 h5 35. Kc3 g6 36. e3 a3 37. Kb3 e5 38. Ra4 Rd7 39. Kc2 Rc7+ 40. Kd2 Rb7 41.
Rxa3 Rb2+ 42. Ke1 g5 43. Ra8 e4 44. a4 Rb1+ 45. Ke2 Rh1 46. a5 Rxh2 47. Kf1 Rh1+
48. Kg2 Ra1 49. a6 Kf6 50. Rh8 Kg6 51. Ra8 Kf5 52. a7 Ra4 53. Kf1 Kg4 54. Ke1
Kf3 55. Rg8 Rxa7 56. Rxg5 Ra1+ 57. Kd2 Ra2+ 58. Kc3 Rxf2 59. Kd4 Rd2+ 60. Ke5
Kxe3 61. Rxh5 Kd3 62. g4 e3 63. Rh3 Rf2 64. g5 Kd2 65. Ke4 e2 66. Rd3+ Ke1 67.
Rh3 Rg2 68. Rf3 Rxg5 69. Rxf7 Rg3 70. Ra7 Kf1 71. Rf7+ Kg2 72. Kd4 0-1

[Event "Druzynowe Mistrzostwa Polski - II liga"]
[Site "Sypniewo k. Jastrowia"]
[Date "1899-12-30"]
[Round "4.59"]
[White "Boruta, Dawid"]
[Black "Przybylski, Bartosz"]
[Result "1-0"]
[WhiteTitle "I"]
[BlackTitle "I"]
[WhiteElo "1880"]
[BlackElo "1667"]

1. f4 d5 2. Nf3 g6 3. g3 Bg7 4. Bg2 Nh6 5. d4 Nf5 6. c4 c6 7. Nc3 dxc4 8. e3 O-O
9. O-O Na6 10. Ne5 Bxe5 11. fxe5 Nb4 12. Ne2 c5 13. g4 Ng7 14. Nf4 g5 15. a3 Nc6
16. Nd5 Be6 17. Nc3 cxd4 18. exd4 Qxd4+ 19. Qxd4 Nxd4 20. Bxg5 Bxg4 21. Rf4 Ne2+
22. Nxe2 Bxe2 23. Bxe7 Rfe8 24. Bd6 Ne6 25. Rf2 Nd4 26. Bxb7 Rab8 27. Bd5 Kh8
28. Bxf7 Rg8+ 29. Bxg8 Rxg8+ 30. Rg2 Re8 31. Kf2 Bd3 32. Rag1 Nf5 33. Bb4 h6 34.
Rg4 Kh7 35. Bc3 Rf8 36. Rf4 h5 37. e6 Re8 38. Rg5 Rxe6 39. Rgxf5 Bxf5 40. Rxf5
Kg6 41. Rc5 Re4 42. Kf3 Rh4 43. Be5 Rh3+ 44. Bg3 1-0

[Event "Druzynowe Mistrzostwa Polski - II liga"]
[Site "Sypniewo k. Jastrowia"]
[Date "1899-12-30"]
[Round "4.60"]
[White "Paprocka, Renata"]
[Black "Gonsior, Monika"]
[Result "1/2-1/2"]
[WhiteTitle "WFM"]
[BlackTitle "m"]
[WhiteElo "1914"]
[BlackElo "1971"]

1. d4 d5 2. Nf3 Nf6 3. c4 e6 4. Nc3 c6 5. Bg5 Be7 6. e3 O-O 7. Rc1 Nbd7 8. a3 Ne4
9. Bxe7 Qxe7 10. Nxe4 dxe4 11. Nd2 f5 12. c5 e5 13. Bc4+ Kh8 14. O-O Rf6 15. Ba2
exd4 16. Qb3 Qf8 17. exd4 b6 18. cxb6 Nxb6 19. Qc3 Rh6 20. Qc5 Qd8 21. Rfd1 Bd7
22. Nf1 Rb8 23. Qa5 f4 24. Qe5 f3 25. g3 Bh3 26. Ne3 Nd7 27. Qxe4 Rxb2 28. Rc2
Nf6 29. Qxc6 Rxa2 30. Rxa2 Ng4 31. Qd5 Rd6 32. Qxf3 h5 33. Rb2 Rf6 34. Qe4 Qf8
35. Nxg4 Bxg4 36. Re1 Re6 37. Qxe6 Bxe6 38. Rxe6 Qxa3 39. Ree2 a5 40. Kg2 Qd6
41. Red2 Qd5+ 42. f3 Kh7 43. Ra2 g5 44. Rac2 g4 45. Rc3 Kg6 46. Kf2 a4 47. Ra3
Qc4 48. Raa2 Qb3 49. fxg4 hxg4 50. d5 Qf3+ 51. Kg1 Qe3+ 52. Kf1 Qf3+ 53. Kg1 Qe3+
54. Kf1 Qf3+ 55. Kg1 1/2-1/2

[Event "Druzynowe Mistrzostwa Polski - II liga"]
[Site "Sypniewo k. Jastrowia"]
[Date "1899-12-30"]
[Round "4.61"]
[White "Polok, Kacper"]
[Black "Chomczyk, Marek"]
[Result "0-1"]
[WhiteTitle "FM"]
[BlackTitle "k++"]
[WhiteElo "2245"]
[BlackElo "2260"]

1. e4 d6 2. Nc3 g6 3. f4 Bg7 4. Nf3 c5 5. Bb5+ Bd7 6. a4 Nc6 7. O-O e6 8. a5 Nd4
9. Bxd7+ Qxd7 10. Nxd4 cxd4 11. Ne2 Ne7 12. d3 O-O 13. c4 d5 14. cxd5 exd5 15.
f5 Qd6 16. Bf4 Be5 17. Bxe5 Qxe5 18. f6 Nc6 19. Qd2 Kh8 20. Qh6 Rg8 21. Rf3 Qh5
22. Qxh5 gxh5 23. exd5 Nb4 24. Ra4 Nc2 25. Nxd4 Rg4 26. Rg3 Rf4 27. Nxc2 Rxa4
28. Rg7 Rxa5 29. Rxf7 Rxd5 30. Ne1 Rdd8 31. Nf3 Rf8 32. Rxb7 Rxf6 33. Ng5 Kg8
34. Ne4 Rb6 35. Rd7 a5 36. h4 a4 37. Kh2 Raa6 38. d4 Rxb2 39. d5 Rb4 40. Ng5 Rxh4+
41. Kg1 a3 42. Nxh7 Rf4 0-1

[Event "Druzynowe Mistrzostwa Polski - II liga"]
[Site "Sypniewo k. Jastrowia"]
[Date "1899-12-30"]
[Round "4.62"]
[White "Budnik, Mateusz"]
[Black "Jaworski, Miroslaw"]
[Result "1/2-1/2"]
[WhiteTitle "k"]
[BlackTitle "IM"]
[WhiteElo "2008"]
[BlackElo "2185"]

1. Nf3 c5 2. b3 d5 3. Bb2 Nc6 4. e3 a6 5. Be2 Nf6 6. O-O g6 7. d4 cxd4 8. Nxd4
Bg7 9. Nxc6 bxc6 10. c4 O-O 11. Nd2 a5 12. Nf3 Qd6 13. Be5 Qe6 14. Rc1 Ba6 15.
cxd5 cxd5 16. Bxa6 Rxa6 17. Qd4 Ne8 18. Bxg7 Nxg7 19. Rc5 Rd8 20. Rfc1 Nf5 21.
Qa4 Qd7 22. Qxd7 Rxd7 23. Rd1 e6 24. e4 Ne7 25. Ne5 Rb7 26. exd5 Nxd5 27. Nd3
Kg7 28. Rxd5 exd5 29. Nc5 Rab6 30. Nxb7 Rxb7 31. Rxd5 a4 32. Rd3 Rc7 33. g3 Rc2
34. bxa4 Rxa2 35. Rd4 h5 36. h4 Kf6 37. Kg2 Ke5 38. Rb4 Ra3 39. Rb5+ Kf6 40. Ra5
Ke6 41. Ra8 Kf5 42. a5 Kf6 43. a6 Kf5 44. a7 Kf6 45. Kh3 Kf5 46. Kg2 1/2-1/2

[Event "Druzynowe Mistrzostwa Polski - II liga"]
[Site "Sypniewo k. Jastrowia"]
[Date "1899-12-30"]
[Round "4.63"]
[White "Wieczorek, Zbigniew"]
[Black "Celinski, Kamil"]
[Result "1/2-1/2"]
[WhiteTitle "FM"]
[BlackTitle "I++"]
[WhiteElo "2185"]
[BlackElo "2025"]

1. Nf3 Nf6 2. b3 d5 3. Bb2 e6 4. d3 Be7 5. Nbd2 O-O 6. e4 c5 7. g3 Nc6 8. Bg2 Qc7
9. O-O Rd8 10. exd5 exd5 11. d4 Ne4 12. dxc5 Bxc5 13. Ne1 Bf5 14. Ndf3 Rac8 15.
Nd3 Bb6 16. Nh4 Bg6 17. Nxg6 hxg6 18. Nf4 Nb4 19. c3 Nxc3 20. Bxc3 Qxc3 21. a3
Nc2 22. Nxd5 Rxd5 23. Bxd5 Nxa1 24. Qxa1 Bxf2+ 25. Kg2 Qxa1 26. Rxa1 Rc2 27. Bxf7+
Kxf7 28. Rf1 Rc3 29. Rxf2+ Ke7 30. Rf3 Rc2+ 1/2-1/2

[Event "Druzynowe Mistrzostwa Polski - II liga"]
[Site "Sypniewo k. Jastrowia"]
[Date "1899-12-30"]
[Round "4.64"]
[White "Kaminski, Jan"]
[Black "Helis, Tadeusz"]
[Result "0-1"]
[WhiteTitle "I++"]
[BlackTitle "FM"]
[WhiteElo "1955"]
[BlackElo "2095"]

1. e4 d5 2. exd5 Nf6 3. Nf3 Nxd5 4. d4 g6 5. c4 Nb6 6. Nc3 Bg7 7. Be2 O-O 8. Be3
Nc6 9. d5 Ne5 10. Nxe5 Bxe5 11. Bd4 Bxd4 12. Qxd4 c6 13. Rd1 cxd5 14. c5 Nd7 15.
Nxd5 e6 16. Nc3 Qf6 17. b4 Qxd4 18. Rxd4 a5 19. a3 axb4 20. axb4 Ne5 21. O-O Nc6
22. Rc4 e5 23. Bf3 Be6 24. Bd5 Bxd5 25. Nxd5 Rfd8 26. Ne3 f5 27. b5 Nd4 28. c6
bxc6 29. bxc6 Rac8 30. Rd1 f4 31. Ng4 Ne2+ 32. Kf1 Rxd1+ 33. Kxe2 Rd6 34. c7 Kg7
35. Kf3 Rd3+ 36. Ke2 Rd7 37. Kf3 Rcxc7 38. Rxc7 Rxc7 39. Nxe5 g5 40. h4 Re7 41.
Nd3 h6 42. hxg5 hxg5 43. g3 fxg3 44. fxg3 Kf6 45. Nf2 Kf5 46. Ng4 Ra7 47. Ne3+
Kg6 48. g4 Ra3 49. Ke4 Rb3 50. Nf5 Kf6 51. Ne3 Ke6 52. Nf5 Rb4+ 53. Kf3 Ke5 54.
Nh6 Rb3+ 55. Kg2 Kf4 56. Kh2 Rb6 57. Nf5 Kxg4 0-1

[Event "Druzynowe Mistrzostwa Polski - II liga"]
[Site "Sypniewo k. Jastrowia"]
[Date "1899-12-30"]
[Round "4.65"]
[White "Malinowski, Damian"]
[Black "Jedynak, January"]
[Result "1/2-1/2"]
[WhiteTitle "I++"]
[BlackTitle "I+"]
[WhiteElo "2012"]
[BlackElo "1877"]

1. c4 e5 2. g3 Nc6 3. Nc3 f5 4. Nf3 Nf6 5. Bg2 e4 6. Ng5 Bb4 7. O-O h6 8. Nh3 Bxc3
9. dxc3 O-O 10. Nf4 d6 11. Nd5 Be6 12. b3 Ne5 13. f3 exf3 14. exf3 Qd7 15. Be3
Qf7 16. Nxf6+ Qxf6 17. f4 Nc6 18. Bd4 Qf7 19. Re1 Kh8 20. Qd3 Rae8 21. Re2 Nxd4
22. cxd4 b6 23. Rae1 Bd7 24. Bd5 Qh5 25. Bf3 Qf7 26. Bd5 Qh5 27. Be6 Bxe6 28.
Rxe6 Rxe6 29. Rxe6 Qf7 30. Qe3 Rc8 31. Re7 Qf6 32. Re6 Qf7 33. Re7 Qf6 34. Kg2
Kg8 35. Re6 Qf7 36. Re7 Qf6 37. Re6 Qf7 38. Re7 1/2-1/2

[Event "Druzynowe Mistrzostwa Polski - II liga"]
[Site "Sypniewo k. Jastrowia"]
[Date "1899-12-30"]
[Round "4.66"]
[White "Rudnik, Anna"]
[Black "Suchanek, Paulina"]
[Result "1-0"]
[WhiteTitle "I++"]
[BlackTitle "I"]
[WhiteElo "1869"]
[BlackElo "1547"]

1. e4 e6 2. d4 d5 3. Nc3 Nf6 4. e5 Nfd7 5. Nf3 c5 6. dxc5 Bxc5 7. Bd3 Nc6 8. Bf4
a6 9. O-O b5 10. a3 Bb7 11. Re1 h6 12. h3 g5 13. Bg3 Rg8 14. Nh2 g4 15. hxg4 Qg5
16. Kh1 h5 17. f4 Qh6 18. g5 Rxg5 19. fxg5 Qxg5 20. Qf3 Ncxe5 21. Qf4 Qg7 22.
Rxe5 Bd6 23. Rxe6+ fxe6 24. Qxd6 d4 25. Qxe6+ Kd8 26. Bh4+ Kc8 27. Ne4 Kc7 28.
Qd6+ Kc8 29. Nf3 Qg4 30. Re1 1-0

[Event "Druzynowe Mistrzostwa Polski - II liga"]
[Site "Sypniewo k. Jastrowia"]
[Date "1899-12-30"]
[Round "4.67"]
[White "Sopur, Lech"]
[Black "Osinski, Emil"]
[Result "1/2-1/2"]
[WhiteTitle "m"]
[BlackTitle "k"]
[WhiteElo "2413"]
[BlackElo "2171"]

1. Nf3 Nf6 2. c4 g6 3. Nc3 Bg7 4. g3 O-O 5. Bg2 d6 6. O-O c6 7. d3 Qc7 8. Rb1 a5
9. a3 e5 10. e4 h6 11. h3 Be6 12. Be3 Na6 13. Qd2 Kh7 14. Rfc1 c5 15. Ne1 Qd7
16. Kh2 Ng8 17. Nd5 Bxd5 18. cxd5 Ne7 19. f4 exf4 20. gxf4 f5 21. Nf3 b5 22. Rg1
b4 23. Qf2 Rab8 24. Qc2 Rb6 25. Nd2 fxe4 26. dxe4 Nc7 27. Nc4 Rbb8 28. a4 b3 29.
Qd3 Na6 30. e5 Nb4 31. Qe4 dxe5 32. d6 Nf5 33. fxe5 Rbe8 34. Bxc5 Na6 35. Bd4
Qf7 36. Bc3 Nc5 37. Qd5 Ne6 38. Rgf1 Rc8 39. Rbd1 Rc5 40. Qd3 Rfc8 41. d7 R8c7
42. d8=Q Nxd8 43. Qxd8 Qxc4 44. Rd7 Rxd7 45. Qxd7 Rc7 46. Qb5 Qxb5 47. axb5 Ne3
48. Rb1 Rxc3 49. bxc3 Bxe5+ 50. Kh1 a4 51. Be4 Nc4 52. Bd5 a3 53. Bxc4 a2 54.
Rd1 Bxc3 55. Bxb3 a1=Q 56. Rxa1 Bxa1 57. Kg2 Bd4 58. Kf3 Kg7 59. Ke4 Bf2 60. Ke5
Bg3+ 61. Ke6 Bf2 62. Bc2 Bg1 63. Kd6 Kf6 64. Kc6 Kg5 65. b6 Bxb6 66. Kxb6 Kh4
67. Bxg6 Kxh3 68. Kc5 Kg4 69. Kd4 h5 70. Bxh5+ Kxh5 1/2-1/2

[Event "Druzynowe Mistrzostwa Polski - II liga"]
[Site "Sypniewo k. Jastrowia"]
[Date "1899-12-30"]
[Round "4.68"]
[White "Bes, Michal"]
[Black "Gradowski, Jacek"]
[Result "0-1"]
[WhiteTitle "k"]
[BlackTitle "I+"]
[WhiteElo "2130"]
[BlackElo "2058"]

1. e4 e5 2. d4 exd4 3. Qxd4 Nc6 4. Qe3 Nf6 5. Bd2 Bb4 6. a3 Bxd2+ 7. Nxd2 O-O 8.
O-O-O Re8 9. f4 Qe7 10. Bd3 b5 11. Bxb5 Ng4 12. Qg3 Nd4 13. Bd3 d5 14. exd5 Qc5
15. Ne4 Rxe4 16. Bxe4 Nf2 17. Qc3 Qxc3 18. bxc3 Nb5 19. Bf3 Nxc3 20. d6 Rb8 21.
dxc7 Rb1+ 22. Kd2 Ncxd1 23. Bxd1 Nxh1 24. Nh3 Rb7 25. Ke1 Rxc7 26. Kf1 Rb7 0-1

[Event "Druzynowe Mistrzostwa Polski - II liga"]
[Site "Sypniewo k. Jastrowia"]
[Date "1899-12-30"]
[Round "4.69"]
[White "Flis, Pawel"]
[Black "Walentukiewicz, Michal"]
[Result "0-1"]
[WhiteTitle "k+"]
[BlackTitle "CM"]
[WhiteElo "1840"]
[BlackElo "2066"]

1. e4 g6 2. d4 Bg7 3. Nc3 d6 4. h3 Nf6 5. Nf3 O-O 6. Be3 c6 7. a4 a5 8. Bd3 Na6
9. O-O Nb4 10. Qd2 Nxd3 11. Qxd3 b6 12. Rfe1 Ba6 13. Qd2 d5 14. e5 Ne4 15. Nxe4
dxe4 16. Ng5 Qd5 17. b3 f5 18. exf6 exf6 19. c4 Qf5 20. g4 Qd7 21. Nxe4 f5 22.
Ng3 fxg4 23. h4 Rae8 24. Rad1 Bb7 25. c5 Qd5 26. Qd3 b5 27. Qc3 Qf3 28. Qc2 Rf7
29. d5 cxd5 30. axb5 d4 31. c6 dxe3 32. Rxe3 Rxe3 33. cxb7 Re8 34. b8=Q Rxb8 35.
Ne4 g3 36. fxg3 Re8 37. Ng5 Bd4+ 0-1

[Event "Druzynowe Mistrzostwa Polski - II liga"]
[Site "Sypniewo k. Jastrowia"]
[Date "1899-12-30"]
[Round "4.70"]
[White "Bienias, Piotr"]
[Black "Szmacinski, Slawomir"]
[Result "1-0"]
[WhiteTitle "I++"]
[BlackTitle "I"]
[WhiteElo "1898"]
[BlackElo "1857"]

1. e4 c5 2. Nf3 d6 3. d4 cxd4 4. Nxd4 Nf6 5. Nc3 a6 6. Be2 e5 7. Nb3 Be6 8. f4
Nc6 9. f5 Bd7 10. Be3 b5 11. Bf3 Be7 12. g4 h6 13. Qd2 Rc8 14. O-O-O Na5 15. Nxa5
Qxa5 16. Kb1 b4 17. Ne2 Rc4 18. Ng3 Bc6 19. Rhe1 Bb7 20. h4 Qc7 21. Qg2 Bf8 22.
Rd2 a5 23. g5 hxg5 24. hxg5 Nd7 25. Be2 a4 26. Bxc4 Qxc4 27. Qe2 Qc6 28. Qg4 a3
29. c3 bxc3 30. bxc3 Ba6 31. Rc1 Bc4 32. Ka1 Nc5 33. Bxc5 Qxc5 34. Qd1 Qc6 35.
Rb1 Rh3 36. Rg2 Be7 37. Rb8+ Bd8 38. f6 g6 39. Qb1 Ba6 40. Qb3 Kd7 41. Qxf7+ 1-0